MARC details
| 000 -CABECERA |
| campo de control de longitud fija |
00998nam a2200205 a 4500 |
| 001 - NÚMERO DE CONTROL |
| campo de control |
000044762 |
| 005 - FECHA Y HORA DE LA ÚLTIMA TRANSACCIÓN |
| campo de control |
20251120073733.0 |
| 008 - DATOS DE LONGITUD FIJA--INFORMACIÓN GENERAL |
| campo de control de longitud fija |
150109s2012 dr 000 0 spa d |
| 020 ## - NÚMERO INTERNACIONAL ESTÁNDAR DEL LIBRO |
| Número Internacional Estándar del Libro |
9789945879025 |
| 040 ## - FUENTE DE LA CATALOGACIÓN |
| Centro catalogador/agencia de origen |
DO-SdBNP |
| Lengua de catalogación |
spa |
| Centro/agencia transcriptor |
BNPHU |
| 245 00 - MENCIÓN DE TÍTULO |
| Título |
Presidencialismo y Democracia en la Sociedad Dominicana : |
| Resto del título |
(1994-2010) / |
| Mención de responsabilidad, etc. |
Flavio Darío Espinal...[et. al]. |
| 260 ## - PUBLICACIÓN, DISTRIBUCIÓN, ETC. |
| Lugar de publicación, distribución, etc. |
Santo Domingo : |
| Nombre del editor, distribuidor, etc. |
Pontificia Universidad Católica Madre y Maestra (PUCMM), |
| Fecha de publicación, distribución, etc. |
2012. |
| 300 ## - DESCRIPCIÓN FÍSICA |
| Extensión |
341 p. ; |
| Dimensiones |
24 cm. |
| 490 1# - MENCIÓN DE SERIE |
| Mención de serie |
Ciudadanía y política pública |
| 504 ## - NOTA DE BIBLIOGRAFÍA, ETC. |
| Nota de bibliografía, etc. |
Incluye notas al pie de las páginas |
| 505 0# - NOTA DE CONTENIDO CON FORMATO |
| Nota de contenido con formato |
Control social -- |
| Título |
República Dominicana | Democracia -- |
| -- |
República Dominicana | Poder (Ciencias sociales) -- |
| -- |
República Dominicana | Poder ejecutivo -- |
| -- |
República Dominicana | República Dominicana -- Política y gobierno |
| 700 1# - PUNTO DE ACCESO ADICIONAL--NOMBRE DE PERSONA |
| Nombre de persona |
Espinal, Flavio Darío |
| 9 (RLIN) |
2669 |
| 710 2# - PUNTO DE ACCESO ADICIONAL--NOMBRE DE ENTIDAD CORPORATIVA |
| Nombre de entidad corporativa o nombre de jurisdicción como elemento de entrada |
Pontificia Universidad Católica Madre y Maestra |
| 9 (RLIN) |
843 |
| 830 #0 - PUNTO DE ACCESO ADICIONAL DE SERIE-TÍTULO UNIFORME |
| Título uniforme |
Ciudadanía y política pública |
| 9 (RLIN) |
72770 |